000
00306nam a22001337a 4500
008
181029b xxu||||| |||| 00| 0 eng d
020
_a
9780895773241
041
_a
eng
080
_a
941
100
_a
17
101
_a
HIS
245
_a
Illustrated History of South Africa
_c
Barker, B.J
942
_2
udc
_c
BK
999
_c
51048
_d
51048